000 00415nam a2200145 i 4500
001 78188
003 ES-MaACL
007 t|
008 041013s1901 fr ||||1| fre d
100 1 _aHartenberg, Paul.
_961972
245 1 4 _aLes timides et la timidite /
_cpar Paul Hartenberg.
260 _aParis :
_bAlcan,
_c1901 (
_eCoulommiers :
_fPaul Brodard)
300 _aXV, 265 p. ;
_c23 cm.
852 _aES-MaACL
_jB-6585
999 _c78188
_d78188